Land Registry Market trend data (Record no. 120962)

MARC details
000 -LEADER
fixed length control field 01070cai a22001815a 4500
001 - CONTROL NUMBER
control field L155131
008 - FIXED-LENGTH DATA ELEMENTS--GENERAL INFORMATION
fixed length control field 120305u xxk g 000 0 eng d
035 ## - SYSTEM CONTROL NUMBER
System control number (Sirsi) u155131
041 0# - LANGUAGE CODE
Language code of text/sound track or separate title eng
110 2# - MAIN ENTRY--CORPORATE NAME
Corporate name or jurisdiction name as entry element United Kingdom
Subordinate unit Land Registry
9 (RLIN) 4774
245 00 - TITLE STATEMENT
Title Land Registry Market trend data
Medium [electronic resource]
520 ## - SUMMARY, ETC.
Summary, etc. The Market Trends section of the Land Registry website contains links to the Land Registry House Price Index, public data and its commercial added value services. The House Price Index is based on a data set of completed sales. It is the only index of repeat sales available at national, regional and country and London borough level. Public data includes transactional data and from March 2012 the monthly price paid data. There is a range of commercial added value services for which a charge is made.
590 ## - LOCAL NOTE (RLIN)
Local note KA
651 #4 - SUBJECT ADDED ENTRY--GEOGRAPHIC NAME
Geographic name England and Wales
Chronological subdivision 1543-
690 ## - LOCAL SUBJECT ADDED ENTRY--TOPICAL TERM (OCLC, RLIN)
Topical term or geographic name as entry element Residential property
9 (RLIN) 6266
856 40 - ELECTRONIC LOCATION AND ACCESS
Uniform Resource Identifier <a href="https://www1.landregistry.gov.uk/market-trend-data">https://www1.landregistry.gov.uk/market-trend-data</a>
Public note View the website free of charge at www1.landregistry.gov.uk
942 ## - ADDED ENTRY ELEMENTS (KOHA)
Suppress in OPAC 0
Holdings
Withdrawn status Lost status Source of classification or shelving scheme Damaged status Not for loan Home library Current library Shelving location Date acquired Total Checkouts Full call number Barcode Date last seen Copy number Price effective from Koha item type
    Dewey Decimal Classification     Virtual Virtual Online 05/03/2012   ONLINE PUBLICATION 155131-2001 06/08/2019 1 06/08/2019 Online material